|
|
|
|
| LEADER |
00000cam a2200000 a 4500 |
| 001 |
vtls001452098 |
| 003 |
SK-MaSNL |
| 005 |
20260301073143.0 |
| 008 |
240226s1951 rb a br 000 f slo |
| 015 |
|
|
|a SNBA1951
|
| 020 |
|
|
|q (brožované)
|
| 035 |
|
|
|a SNK000407405
|
| 035 |
|
|
|a urn:nbn:sk:snk-am3i6d6
|
| 035 |
|
|
|a 04885C37-C7B0-42E4-A468-601A5CB95BEF
|
| 035 |
|
|
|a urn:nbn:sk:snk-am00dlo5
|
| 040 |
|
|
|a SNK
|b slo
|c SNK
|e AACR2
|
| 041 |
1 |
|
|a slo
|h rus
|
| 044 |
|
|
|a rb
|c RS
|
| 080 |
|
|
|a 821.161.1-34
|2 2011
|
| 080 |
|
|
|a 82-93-053.4/.5
|2 2011
|
| 100 |
1 |
|
|a Čechov, Anton Pavlovič,
|d 1860-1904
|4 aut
|9 98221
|
| 245 |
1 |
0 |
|a Gaštanko
|b výber z rozprávok
|c Anton Pavlovič Čechov ; preložili M. Gacek a R. Klačko ; ilustroval Koloman Sokol
|
| 260 |
|
|
|a V Novom Sade
|b Bratstvo-Jednota
|c 1951
|e V Petrovci
|f Kultúra
|
| 300 |
|
|
|a 98 strán
|b ilustrácie
|c 20 cm
|
| 366 |
|
|
|e 2000 kusov
|
| 490 |
1 |
|
|a Detská knižnica
|v 12. sväzok
|
| 655 |
|
7 |
|a ruské rozprávky
|2 SNKPH
|9 70673
|
| 655 |
|
7 |
|a literatúra pre deti
|2 SNKPH
|9 87135
|
| 700 |
1 |
|
|a Gacek, Mikuláš,
|d 1895-1971
|4 trl
|9 10648
|
| 700 |
1 |
|
|a Klačko, Rudolf,
|d 1892-1975
|4 trl
|9 101063
|
| 700 |
1 |
|
|a Sokol, Koloman,
|d 1902-2003
|4 trl
|9 37175
|
| 740 |
0 |
2 |
|a Gaštanko
|
| 740 |
0 |
2 |
|a Chlapci
|
| 740 |
0 |
2 |
|a Lysko
|
| 740 |
0 |
2 |
|a Ivanko
|
| 740 |
0 |
2 |
|a Udalosť
|
| 740 |
0 |
2 |
|a Žobrák
|
| 740 |
0 |
2 |
|a Gregorko
|
| 752 |
|
|
|a Srbsko
|d Novi Sad
|
| 830 |
|
0 |
|a Detská knižnica
|9 386606
|
| 852 |
|
|
|a Slovenská národná knižnica
|
| 954 |
|
|
|a beletria cudzojazyčná (svetová)
|2 lita
|
| 958 |
|
|
|a EUIPO
|
| 958 |
|
|
|a OND
|
| 958 |
|
|
|a LX
|
| 958 |
|
|
|a DB
|
| 958 |
|
|
|a UP
|
| 968 |
|
|
|b RUS
|
| 999 |
|
|
|c 643281
|d 645211
|
| 952 |
|
|
|a SNK
|b SNK
|y PREZ
|7 0
|p 17A0806384
|o snkSC 10427
|i snkKSV 122/57
|8 2
|0 0
|1 0
|4 0
|d 2012-08-22
|f 1
|l 0
|r 2025-07-09 00:00:00
|w 2026-02-23
|
| 952 |
|
|
|t P60, <04>, [BOOK], {604}
|a SNK
|b SNK
|y VYP
|7 0
|p 17A0381187
|o snkSC 10427 D1
|i snkV 567/62
|0 0
|1 0
|4 0
|d 2003-04-11
|l 0
|r 2005-01-02 00:00:00
|w 2026-02-23
|